[Event "27th CRO-chT 1B-Men 2018"]
[Site "Biograd"]
[Date "2018.09.21"]
[Round "7.20"]
[White "Plat, Vojtech"]
[Black "Antunac, Goran"]
[Result "1-0"]
[WhiteElo "2540"]
[BlackElo "2359"]
[Annotator "TA"]
[PlyCount "75"]
[EventDate "2018.09.15"]
[EventType "team-tourn"]
[EventCountry "CRO"]
[SourceTitle "playchess.com"]
[Source "ChessBase"]
[SourceQuality "1"]

{[%evp 10,75,48,37,74,53,71,0,5,12,16,7,38,40,39,1,46,40,47,42,46,-51,-46,-91,-116,-140,-119,-102,-94,-158,-158,-166,-158,-135,-150,-131,-113,-131,-59,-156,-147,-135,-148,-139,-154,-145,-141,-202,0,0,11,14,14,14,14,-1119,14,10,35,29,41,14,172,162,472,343,1254,1270]} 1. d4 g6 2. e4 Bg7 3. Nc3 d6 4. Be3 c6 5. Qd2 b5 6. Bd3 a5 {B06: Modern Defence} (6... Nf6 7. Bh6 O-O 8. h4 e5 9. Nce2 c5 10. Bxg7 Kxg7 11. c3 cxd4 12. cxd4 d5 13. h5 dxe4 14. Bxb5 Nxh5 {½-½ (29) Popov,I (2608)-Gabrielian,A (2506) Voronezh 2018}) 7. a3 Nd7 $146 ({Predecessor:} 7... Ba6 8. Nf3 b4 9. axb4 axb4 10. Ne2 Qb6 11. e5 Qb7 12. O-O Nd7 13. e6 fxe6 14. Ng5 {1-0 (28) Juracsik,J (2220)-Olah,Z (2156) Hungary 2004}) 8. d5 ({White should try} 8. Nf3 $16) 8... Bb7 $11 {The position is equal.} 9. dxc6 Bxc6 10. Nxb5 Bxb2 11. Rb1 Bg7 $1 12. Nd4 Ba4 (12... Bxd4 $5 13. Bxd4 e5 $11) 13. Nge2 Nc5 14. O-O Nf6 15. Ng3 (15. Nc3 $14 Bd7 16. f3) 15... Ng4 $15 16. f4 O-O 17. Kh1 Nxe3 18. Qxe3 Rb8 19. Rbd1 (19. Nge2 $142) 19... Qb6 $17 20. Bc4 Nd7 {Hoping for ...e5.} 21. f5 {[#] Black must now prevent fxg6.} Qc5 22. Bd5 {Threatening fxg6.} Kh8 ({Of course not} 22... Bxc2 23. Nxc2 Qxc2 24. Rc1 $15) 23. Nge2 Nb6 (23... Nf6 $17 24. Qf3 e5 25. fxe6 Nxd5 26. exd5 fxe6) 24. Ba2 ({White should play} 24. Rd3 $15) 24... Bb5 $1 {[%cal Rb5e2] Threatens to win with ...Bxe2.} 25. Rf3 Bxe2 26. Nxe2 {White wants to play Qxc5.} Qxc2 27. Bb3 Qc5 28. Qd3 (28. Nf4 $17 {was necessary.}) 28... Qxa3 $2 (28... Nd7 $19 {Strongly threatening ...Ne5.} 29. Rh3 Qe5) 29. Rh3 $1 $11 {fxg6 is the strong threat.} a4 30. Rxh7+ $1 Kxh7 31. fxg6+ $1 fxg6 32. Qh3+ Bh6 {[#]} 33. Bg8+ $1 {[%mdl 512]} Kxg8 (33... Rxg8 34. Qxa3) 34. Qxa3 Kh7 35. Qh3 {[%mdl 1024] aiming for g4. White has compensation.} Kg7 $2 (35... Nc4 $11) 36. Nd4 $18 Rf2 $2 (36... Rf6 {is a better chance.} 37. Ra1 Bd2) 37. Ne6+ Kh7 $2 (37... Kf7 38. Qxh6 Kxe6 39. Qxg6+ Rf6) 38. g4 {Precision: White = 39%, Black = 43%.} 1-0

[Event "27th CRO-chT 1B-Men 2018"]
[Site "Biograd"]
[Date "2018.09.23"]
[Round "7.21"]
[White "Mufic, Goran"]
[Black "Zilka, Stepan"]
[Result "0-1"]
[WhiteElo "2254"]
[BlackElo "2521"]
[Annotator "TA"]
[PlyCount "138"]
[EventDate "2018.09.15"]
[EventType "team-tourn"]
[EventCountry "CRO"]
[SourceTitle "playchess.com"]
[Source "ChessBase"]
[SourceQuality "1"]

{[%evp 10,138,7,0,21,25,21,18,31,38,33,33,25,29,29,18,32,41,33,23,59,0,27,13,10,-43,-48,-58,-18,-17,-20,-17,-16,-22,-23,-24,-25,-75,-73,-56,-30,-26,-30,-23,-23,-50,-29,-49,-36,-38,-27,-72,-76,-81,-77,-89,-89,-138,-123,-116,-124,-115,-118,-138,-138,-138,-138,-184,-8,-184,-184,-1199,-1179,-1160,-963,-1332,-1288,-1423,-1417,-704,-1254,-994,-945,-704,-589,-2741,-3629,-2470,-2195,-2161,-1609,-11045,-11775,-12179,-10876,-8050,-2466,-5185,-3520,-2195,-1874,-5301,-2245,-10780,-11543,-11175,-12472,-9644,-6412,-9009,-7123,-6092,-4970,-5147,-5118,-5106,-5089,-7890,-6444,-6945,-5089,-29966,-29966,-10731,-7911,-29981,-29983,-29983,-29984,-29984,-29985]} 1. d4 Nf6 2. Nf3 e6 3. e3 c5 4. Bd3 d5 5. Nbd2 (5. b3 Nc6 6. O-O Be7 7. Bb2 O-O 8. Nbd2 b6 9. a3 Bb7 10. Qe2 Qc7 11. Rac1 Rac8 12. c4 dxc4 13. bxc4 cxd4 14. exd4 Rfe8 15. Rfe1 Qb8 16. Ne4 Na5 17. Neg5 Qf4 18. Nxe6 fxe6 19. Qxe6+ {0-1 (33) Mamedyarov,S (2808)-Nakamura,H (2769) Paris 2018}) 5... Nc6 6. O-O {LiveBook: 15 Games. D05: Colle System with ...e6} a6 7. b3 cxd4 8. exd4 {The position is equal.} Qa5 $146 ({Predecessor:} 8... Bd6 9. a3 O-O 10. Bb2 b5 11. c4 dxc4 12. bxc4 bxc4 13. Nxc4 {½-½ (48) Schaffarth,P (1869)-Poulheim,K (2156) GER email 2013}) 9. Bb2 Ba3 10. Qc1 Bxb2 11. Qxb2 O-O 12. a3 Qb6 13. Rfe1 Rd8 14. Rad1 Bd7 15. Nf1 ({White should try} 15. c3 $14) 15... Rac8 16. Ne3 Be8 17. Ne5 ({White should play} 17. c3 $11) 17... Nxd4 $15 {[#]} 18. Bxh7+ $1 {[%mdl 512]} Kxh7 (18... Nxh7 {seems wilder.} 19. Rxd4 f6 20. N5g4 Bh5 21. h3 Nf8) 19. Rxd4 Kg8 20. c4 dxc4 21. Rxd8 Rxd8 22. N5xc4 Qc7 23. Qe5 Qxe5 24. Nxe5 Kf8 25. Rc1 Ne4 26. f3 Nd2 {White should prevent ...f6.} 27. Rc7 b5 28. b4 f6 29. Nc6 Rd3 {aiming for ...Bxc6.} 30. Nc2 e5 31. Na5 Bg6 32. Kf2 {[#]} Nxf3 $1 {[%mdl 512]} 33. gxf3 Rd2+ 34. Ke3 Rxc2 35. Rxc2 Bxc2 $17 {[%mdl 4096] Endgame KB-KN} 36. f4 exf4+ 37. Kxf4 {[#]} g5+ $1 38. Kg4 Be4 $2 (38... Kf7 $19 {Hoping for ...Kg6.} 39. Nb7 Kg6) 39. Nb3 $2 {[#]} (39. h4 $11 {and White is okay.}) 39... Bb7 $1 $19 40. h4 $2 (40. Nc5 Bc8+ 41. Kh5) 40... Bc8+ 41. Kg3 gxh4+ 42. Kxh4 Ke7 43. Kg3 Kd6 44. Kf4 Kd5 45. Nd2 f5 46. Ke3 Be6 47. Kf4 Kd4 48. Nf3+ Kc3 49. Ke5 Bc8 50. Kd6 Bb7 51. Ng5 Kb3 52. Ne6 Kxa3 53. Kc5 Bc8 54. Nf4 Kb3 55. Nd5 Be6 56. Nc7 Bc4 57. Kd4 Kxb4 58. Nxa6+ Ka5 59. Nc5 Kb6 60. Nd7+ Kc7 61. Ne5 Kd6 62. Ng6 Ke6 63. Ne5 Kf6 64. Nf3 Be2 65. Ne1 b4 66. Ng2 b3 {[%cal Bb4b3,Bb3b2][%mdl 32] Strongly threatening ...b2.} 67. Ne3 b2 {Black mates.} 68. Nd5+ Kg5 69. Nc3 Bf3 {Precision: White = 38%, Black = 75%.} 0-1

[Event "27th CRO-chT 1B-Men 2018"]
[Site "Biograd"]
[Date "2018.09.23"]
[Round "7.23"]
[White "Tomulic, Teo"]
[Black "Brumen, Dinko"]
[Result "0-1"]
[WhiteElo "2264"]
[BlackElo "2315"]
[Annotator "TA"]
[PlyCount "78"]
[EventDate "2018.09.15"]
[EventType "team-tourn"]
[EventCountry "CRO"]
[SourceTitle "playchess.com"]
[Source "ChessBase"]
[SourceQuality "1"]

{[%evp 13,78,70,91,39,37,7,15,5,18,29,68,25,45,35,52,-3,0,0,-7,-18,-13,-34,0,0,0,0,0,0,0,0,0,-21,-10,-21,-26,-50,-42,-51,-38,-53,0,0,0,0,0,0,8,8,8,0,18,-289,-279,-310,-305,-301,-286,-812,-860,-730,-811,-758,-733,-862,-859,-29995,-29996]} 1. e4 c5 2. Nf3 Nc6 3. Bb5 Nf6 4. Nc3 e6 5. O-O Nd4 6. Bc4 {B30: Sicilian: 2...Nc6 3 Bb5, lines without ...g6} d5 (6... a6 7. Bb3 d6 8. d3 Nxb3 9. axb3 Be7 10. d4 cxd4 11. Qxd4 O-O 12. Rd1 e5 13. Qd3 h6 14. Nd2 b5 {½-½ (58) Inarkiev,E (2730)-Gelfand,B (2734) Magas 2016}) 7. exd5 exd5 {[#] LiveBook: 3 Games} 8. Nxd4 (8. Nxd5 $1 $16 {[%mdl 512]} Nxd5 9. Nxd4) 8... dxc4 $14 9. Qe2+ Qe7 10. Ndb5 Qxe2 11. Nxe2 {Strongly threatening Nc7+.} Kd8 12. d4 $146 ({Predecessor:} 12. Na3 Bf5 13. Nxc4 Bxc2 {½-½ (36) Zimniok,L (2196)-Bolacky,J (2267) Orlova 2005}) 12... a6 13. Nbc3 Bf5 14. b3 ({Better is} 14. Be3 $14) 14... Rc8 15. bxc4 (15. Rd1 {feels hotter.} Bxc2 16. Rd2 Bd3 17. bxc4 Bxc4 18. dxc5+ Kc7 19. Rc2) 15... Bxc2 16. Be3 cxd4 17. Bxd4 Bc5 18. Bxf6+ gxf6 19. Rac1 Bg6 20. Nf4 Rc6 21. Ncd5 Re8 22. Rfe1 (22. g3 {is more complex.} Be4 23. Rfd1 Kc8 24. Kf1 Kb8 25. Rc3) 22... Rxe1+ 23. Rxe1 Bd6 24. Nxg6 hxg6 25. Nxf6 Rxc4 $11 {[%mdl 4096] Endgame KRB-KRN} 26. g3 Rc2 (26... a5 $15) 27. Re8+ $1 Kc7 28. Nd5+ Kd7 29. Nf6+ Kc6 30. Rc8+ Bc7 31. h4 b5 32. a3 $2 {[%mdl 8192] [#]} (32. Ne8 $1 $11 {and White is okay.} Kd7 33. Rxc7+ Rxc7 34. Nxc7 Kxc7 35. Kf1) 32... a5 $1 $19 33. Re8 b4 34. axb4 axb4 35. Re1 $2 (35. Re3) 35... b3 36. Rb1 b2 {And now ...Rc1+ would win.} 37. Kg2 Be5 38. Ne4 f5 39. Rc1 bxc1=Q {Precision: White = 20%, Black = 70%.} 0-1

[Event "27th CRO-chT 1B-Men 2018"]
[Site "Biograd"]
[Date "2018.09.21"]
[Round "7.24"]
[White "Blazeka, Matej"]
[Black "Safar, Sandro"]
[Result "1-0"]
[WhiteElo "2354"]
[BlackElo "2214"]
[Annotator "TA"]
[PlyCount "119"]
[EventDate "2018.09.15"]
[EventType "team-tourn"]
[EventCountry "CRO"]
[SourceTitle "playchess.com"]
[Source "ChessBase"]
[SourceQuality "1"]

{[%evp 23,119,22,27,17,25,24,24,16,17,15,50,21,17,16,10,17,27,19,24,9,23,22,33,33,32,27,20,9,20,-2,0,-34,-36,-69,-57,-66,-73,-78,-41,-40,-13,-16,-20,-25,-2,-62,-58,-45,-47,-47,87,85,207,204,143,133,212,205,520,514,536,305,239,154,144,150,149,148,155,167,131,65,124,135,394,366,437,427,400,400,354,379,434,304,224,0,415,400,647,561,4160,4133,29985,29986,29994,29995,29995,29996]} 1. e4 c5 2. Nf3 Nc6 3. Bb5 g6 4. Bxc6 dxc6 5. h3 Bg7 6. d3 e5 7. Nc3 Qe7 8. Be3 Nf6 9. Qd2 Nd7 {[%cal Bf6d7,Bd7f8,Bf8e6][%mdl 32]} 10. Bh6 f6 11. Bxg7 {B31: Sicilian: 2...Nc6 3 Bb5 g6} Qxg7 12. Ne2 (12. Nh2 g5 13. Ng4 Nf8 14. Ne3 Ng6 15. a3 Be6 16. b4 Qe7 17. Na4 b6 18. g3 h5 {1-0 (48) Cheparinov,I (2703)-Kveinys,A (2542) Warsaw 2017}) 12... Nf8 {LiveBook: 8 Games} 13. Nh4 {White has an edge.} Ne6 14. O-O-O Bd7 $146 ({Predecessor:} 14... Nd4 15. Nxd4 cxd4 16. f4 O-O 17. Nf3 Qe7 18. g4 c5 {1-0 (26) Macieja,B (2596)-Papadopoulos,I (2395) Athens 2007}) 15. f4 exf4 16. Nxf4 Qh6 17. g3 Nxf4 18. Qxf4 Qxf4+ 19. gxf4 Ke7 20. Rdf1 Rhg8 21. f5 g5 22. Ng2 h5 23. h4 g4 24. Nf4 Be8 $1 25. Rhg1 Bf7 26. Rg3 a5 {[%cal Ba7a5,Ba5a4,Ba4a3][%mdl 32]} 27. c3 a4 ({Much weaker is} 27... Bxa2 $6 28. Nxh5 Bf7 29. Nf4 $16) 28. Kb1 b5 29. Ng6+ Kd6 30. Nf4 a3 {...axb2 is the strong threat.} 31. b3 c4 32. d4 $1 cxb3 33. axb3 c5 34. Ka2 (34. Re1 $11) 34... cxd4 $15 35. cxd4 Rgc8 {Hoping for ...Rc2+.} 36. Rf2 $1 Rc1 {[#]} (36... b4 $15 {keeps the upper hand.}) 37. e5+ $1 $16 {[%mdl 512]} Ke7 ({Wrong is} 37... fxe5 $2 38. dxe5+ Ke7 39. e6 $18) (37... Kc6 $16 {was worth a try.}) 38. e6 $18 Be8 39. Nd5+ Kd6 (39... Kf8 $16 {keeps fighting.}) 40. Nxf6 Bc6 $2 (40... b4 {is more resistant.} 41. Re3 Rac8) 41. d5 Ke5 42. Nxh5 Bxd5 43. Nf4 ({Don't do} 43. Rxg4 $6 Bf3 $16) 43... Be4 {[#] And now ...Bb1+ would win.} 44. Nd3+ $1 Bxd3 45. Rxd3 $16 {[%mdl 4096] Endgame KRR-KRR} Kf6 46. Rg3 Rg8 {[#]} 47. Kxa3 (47. Rfg2 $1 $16) 47... b4+ (47... Rh1 $14) 48. Kxb4 Rb8+ $2 {[%mdl 8192]} (48... Rh1 $16 49. Kc5 Rxh4) 49. Ka3 $18 Ra8+ 50. Kb2 Rca1 {Threatens to win with ...R1a2+.} 51. Rf4 R1a2+ 52. Kc3 Rc8+ 53. Kd3 Rd8+ 54. Kc3 $2 (54. Rd4 Rb8 55. Rdxg4 Rxb3+ 56. Kc4) 54... Rc8+ 55. Rc4 Rxc4+ (55... Rg8 $142 56. Rgxg4 Rxg4) 56. Kxc4 Kxf5 {If Black can now play ...Re2 this consolidates a bit.} 57. Re3 g3 58. e7 {White mates.} g2 59. e8=Q Rc2+ 60. Kb4 {Precision: White = 60%, Black = 35%.} 1-0

[Event "27th CRO-chT 1B-Men 2018"]
[Site "Biograd"]
[Date "2018.09.21"]
[Round "7.25"]
[White "Srbis, Jurica"]
[Black "Ruck, Robert"]
[Result "1/2-1/2"]
[WhiteElo "2428"]
[BlackElo "2505"]
[Annotator "TA"]
[PlyCount "28"]
[EventDate "2018.09.15"]
[EventType "team-tourn"]
[EventCountry "CRO"]
[SourceTitle "playchess.com"]
[Source "ChessBase"]
[SourceQuality "1"]

{[%evp 13,28,11,10,0,42,-13,-20,-16,28,-10,32,29,14,15,25,20,24]} 1. d4 Nf6 2. Nf3 g6 3. Bg5 Bg7 4. Nbd2 O-O 5. e3 d5 6. Be2 Nbd7 7. c4 {D03: 1 d4 d5 2 Nf3 Nf6 3 Bg5, including Torre Attack with early ...d5} (7. O-O Re8 8. c4 c5 9. cxd5 cxd4 10. e4 h6 11. Bh4 Nc5 12. Qc2 Ncxe4 13. Nxe4 Nxe4 14. Bb5 Bf5 15. Bxe8 Qxe8 16. Rfe1 Qd7 17. Rxe4 Qxd5 {0-1 (31) Artemiev,V (2658)-Mamedyarov,S (2762) Novi Sad 2016 CBM 176 [Krasenkow,M]}) 7... c5 {LiveBook: 3 Games} 8. cxd5 Nxd5 9. Rc1 $146 ({White should play} 9. Qb3 $14 Nc7 10. d5) ({Predecessor:} 9. O-O h6 10. Bh4 b6 11. Nb3 Bb7 12. dxc5 Bxb2 13. Rb1 Bg7 14. Bb5 Nxc5 15. Nxc5 bxc5 16. Bc4 Nb6 17. Qxd8 Rfxd8 18. Bxe7 Rd7 {0-1 (18) Zhang,P (2640)-Li,C (2582) Jiangsu Wuxi 2008}) 9... cxd4 10. Nxd4 Qa5 11. N4b3 Qd8 12. Nc4 N5b6 13. O-O Nxc4 14. Rxc4 Nb6 1/2-1/2

[Event "27th CRO-chT 1B-Men 2018"]
[Site "Biograd"]
[Date "2018.09.23"]
[Round "7.26"]
[White "Horvath, Adam"]
[Black "Ostovic, Matija"]
[Result "1-0"]
[WhiteElo "2482"]
[BlackElo "2390"]
[Annotator "TA"]
[PlyCount "65"]
[EventDate "2018.09.15"]
[EventType "team-tourn"]
[EventCountry "CRO"]
[SourceTitle "playchess.com"]
[Source "ChessBase"]
[SourceQuality "1"]

{[%evp 15,65,7,18,0,0,-15,1,3,54,45,23,37,45,20,39,38,153,160,164,87,92,103,336,365,380,352,358,330,341,319,344,304,362,375,520,510,529,534,696,687,760,712,766,754,677,629,624,629,647,601,722,701]} 1. e4 c5 2. Nf3 d6 3. d4 cxd4 4. Nxd4 Nf6 5. Nc3 a6 6. Be2 e5 7. Nb3 Be7 8. Be3 Be6 9. Qd3 {B92: Sicilian Najdorf: 6 Be2} O-O 10. Nd5 Nbd7 11. O-O {The position is equal.} Rc8 (11... Bxd5 $11 12. exd5 b5) (11... Bxd5 12. exd5 Rc8 13. c4 Ne8 14. f3 g6 15. Kh1 Ng7 16. Bg1 Bg5 17. Rad1 h5 18. Nd2 f5 19. b4 h4 20. c5 dxc5 21. d6 cxb4 {1-0 (45) Karjakin,S (2782)-Grischuk,A (2766) Paris 2018}) 12. c4 $14 (12. Nxe7+ Qxe7 13. Nd2 d5 $15) 12... b5 13. cxb5 axb5 14. Rfd1 Bxd5 15. exd5 Rc4 $146 ({Black should try} 15... b4 $1 $14) ({Predecessor:} 15... b4 16. Bf3 Re8 17. Rdc1 Bf8 18. Nd2 {1-0 (59) Altschuler,J (2089)-Eggleston,D (2424) Palmanova 2015}) 16. Qd2 $1 $16 Rh4 {[#]} 17. Na5 (17. Bxb5 Ng4 $16) (17. g3 $1 $18 {[%cal Rg3h4]} Re4 18. f3 (18. Bxb5 Ng4 $16) 18... Rxe3 19. Qxe3) 17... Ne4 18. Nc6 Qe8 $2 (18... Nxd2 $16 19. Nxd8 Rxd8 20. Rxd2 (20. Bxd2 Rb8 $14) 20... Rb8) 19. Qc2 $18 f5 20. g3 Rh3 21. Nxe7+ (21. Bxb5 Bg5 $14) 21... Qxe7 {[#]} 22. Kg2 $1 {[%cal Rg2h3]} (22. Bxb5 Ndf6 $14) 22... Ndf6 {If Black can now play ...f4 this consolidates a bit.} 23. Kxh3 f4 24. Bb6 ({Weaker is} 24. Bxb5 fxe3 25. f3 (25. fxe3 Ng5+ 26. Kg2 Ng4 $11) 25... Nf2+ 26. Kg2 Qf7 $14) 24... Qd7+ 25. Kg2 {White is clearly winning.} Ng5 26. Kh1 Nfe4 27. gxf4 exf4 28. Rg1 Qf5 29. Bd3 Qxd5 30. Bxe4 Nxe4 {[%cal Re4f2]} 31. f3 Nd2 32. Qc3 {[%csl Gg1][%cal Rc3g7]} g6 33. Rgd1 {Precision: White = 59%, Black = 28%.} 1-0

[Event "27th CRO-chT 1B-Men 2018"]
[Site "Biograd"]
[Date "2018.09.21"]
[Round "7.27"]
[White "Ivekovic, Zvonimir"]
[Black "Dabo-Peranic, Robert"]
[Result "0-1"]
[WhiteElo "2424"]
[BlackElo "2284"]
[Annotator "TA"]
[PlyCount "120"]
[EventDate "2018.09.15"]
[EventType "team-tourn"]
[EventCountry "CRO"]
[SourceTitle "playchess.com"]
[Source "ChessBase"]
[SourceQuality "1"]

{[%evp 18,120,4,0,15,-26,-9,-29,10,-15,-15,-25,8,9,67,62,77,89,62,0,0,-8,16,24,31,5,78,77,76,34,214,224,223,211,209,0,213,0,-5,-12,-29,-21,-36,-15,22,-76,-87,-72,-59,-56,-23,-23,0,0,0,0,0,0,9,0,0,0,0,-5,0,0,0,-50,-50,-62,-59,-69,-8,-69,-68,-121,-121,-121,-121,-121,-121,-134,-140,-151,-122,-169,-129,-1606,-1660,-1449,-1388,-5777,-5689,-29969,-5065,-5065,-5065,-5065,-5065,-29976,-29977,-29976,-29977,-29976,-29976]} 1. e4 e5 2. Nf3 Nc6 3. d4 exd4 4. Nxd4 Nf6 5. Nxc6 bxc6 6. e5 Qe7 7. Qe2 Nd5 8. c4 Nb6 9. Nc3 Qe6 {C45: Scotch Game} 10. Bd2 {LiveBook: 19 Games} d6 11. c5 $146 ({Predecessor:} 11. exd6 Nxc4 12. O-O-O Qxe2 13. Bxe2 Nxd2 14. dxc7 Bd6 15. Kxd2 Kd7 16. Bg4+ Kxc7 17. Bxc8 Raxc8 18. Kc2 Rhe8 19. Rhe1 f5 20. h3 {½-½ (20) Nasuta,G (2452)-Stevic,H (2601) Zagreb 2017}) 11... dxc5 {Black has an edge.} 12. f4 Qg6 13. Qf3 Bg4 14. Qf2 h5 15. Ba6 h4 (15... Rd8 $11) 16. O-O $36 {[%mdl 3072] And now f5 would win. White has compensation. White is more active.} h3 17. g3 {Hoping for f5.} Bf5 18. Qf3 (18. Be3 $14) 18... Rd8 $11 19. e6 fxe6 (19... Rxd2 $2 20. Qxc6+ Kd8 21. Rad1 $18) 20. Qxc6+ Kf7 21. Be3 Bd3 (21... Nd5 $11 22. Bxc5 e5 23. Qxg6+ Kxg6 24. Bxf8 (24. Bxa7 $2 Nxc3 25. g4 Be4 $19) 24... Rhxf8) 22. Bxd3 $1 $16 Qxd3 23. Rae1 (23. Qxc7+ $2 Rd7 $19) (23. Bxc5 Qc4 $11) 23... Nd5 $2 ({Better is} 23... Be7 $14) 24. f5 $1 $18 (24. Bxc5 Bxc5+ 25. Qxc5 Nxc3 $11) 24... exf5 25. Bg5 {[%csl Ge1][%cal Rc6e6]} (25. Bxc5 $2 Rh6 $19) 25... Rd6 26. Qe8+ $1 Kg8 {[#]} 27. Rd1 $2 ({Not} 27. Be7 Nxe7 28. Rxe7 Kh7 $11) ({White has to play} 27. Ne4 $1 $18 {[%mdl 512]} Qd4+ (27... fxe4 28. Rxf8+) 28. Kh1) 27... Nf6 $1 $11 {[%cal Rf6e8]} ({Wrong is} 27... Qc2 $2 28. Rd2 $18) 28. Qa4 Qa6 29. Qxa6 Rxa6 30. Rxf5 Rh5 31. Rdf1 {[#]} (31. Rd8 $11) 31... Nh7 $1 $17 32. Be3 Rxf5 33. Rxf5 Re6 34. Kf2 ({Reject} 34. Bxc5 g6 $17) 34... g6 35. Rf4 $1 Nf6 {aiming for ...Bh6.} 36. Ra4 a6 37. Kf3 Kf7 38. Rh4 Rb6 39. b3 Rb4 40. Bg5 {Bxf6 is the strong threat.} c6 41. Bxf6 Kxf6 $11 {[%mdl 4096] Endgame KRB-KRN} 42. Rh8 (42. Re4 {seems wilder.} Rd4 43. Kg4 Bd6 44. Kxh3 Kf5 45. Re2) 42... Kg7 43. Rh4 Rxh4 44. gxh4 $15 {KB-KN} Kf6 $1 45. Ne4+ (45. Ne2 $1 $11) 45... Kf5 46. Ng5 (46. Ng3+ $15 Ke5 47. Kg4) 46... Bd6 $17 47. Nxh3 Bxh2 48. Nf2 {[#]} Bd6 $1 49. Ne4 Be7 50. Ng3+ Ke5 51. Kg4 {[#]} c4 $1 {[%mdl 512]} 52. Ne2 $2 {[%mdl 8192]} (52. bxc4 $17 Bf6 53. Ne2) 52... cxb3 $19 53. axb3 Ke4 54. Nf4 {[#]} Bxh4 $1 {[%mdl 512]} 55. Nxg6 (55. Kxh4 Kxf4) 55... Bf6 (55... Be1 $142 56. Kg5 Bc3 57. Kg4 Kd3 58. b4 Kc4 59. Ne7 Kb5 60. Ng6 Kxb4 61. Ne7 Kb5 62. Kf3 a5 63. Ke4 a4 64. Kd3 Bf6 65. Nf5 a3 66. Nd6+ Kb4 67. Ne8 Bh8 68. Ke2 a2 69. Nd6 a1=Q 70. Ne4 Qe5 71. Kf3 Qd5 72. Ke3 Bd4+ 73. Kf4 Qe5+ 74. Kf3 Qf5+ 75. Kg2 Qxe4+ 76. Kg3 c5 77. Kh3 Qf3+ 78. Kh2 Qg4 79. Kh1 Qh3#) 56. Nf4 c5 57. Ne6 Bd4 58. Nc7 a5 {Black mates.} 59. Nb5 Kd3 60. Nd6 Bc3 {Precision: White = 39%, Black = 48%.} 0-1

[Event "27th CRO-chT 1B-Men 2018"]
[Site "Biograd"]
[Date "2018.09.21"]
[Round "7.28"]
[White "Martic, Zlatko"]
[Black "Mathe, Gaspar"]
[Result "1-0"]
[WhiteElo "2244"]
[BlackElo "2308"]
[Annotator "TA"]
[PlyCount "83"]
[EventDate "2018.09.15"]
[EventType "team-tourn"]
[EventCountry "CRO"]
[SourceTitle "playchess.com"]
[Source "ChessBase"]
[SourceQuality "1"]

{[%evp 15,83,0,14,15,24,22,32,22,28,14,25,22,37,41,40,47,104,74,78,65,71,73,72,70,108,113,108,106,177,159,209,205,211,207,249,251,247,239,256,251,222,115,111,116,86,112,116,120,275,275,976,921,12842,12843,12843,12843,12844,12844,29986,12845,12845,12845,29992,29992,29992,29993,29993,29994,29994,887]} 1. Nf3 Nf6 2. d4 e6 3. Bf4 b6 4. e3 Be7 5. h3 Bb7 6. Nbd2 d5 7. Bd3 {D02: 1 d4 d5 2 Nf3 sidelines, including 2...Nf6 3 g3 and 2...Nf6 3 Bf4} c5 (7... Nbd7 8. c3 Ne4 9. Qc2 f5 10. c4 c5 11. cxd5 Nxd2 12. Nxd2 Bxd5 13. O-O cxd4 14. exd4 Rc8 {½-½ (66) Artemiev,V (2653)-Adly,A (2599) Doha 2016}) 8. c3 Nc6 {LiveBook: 15 Games} 9. Qe2 {The position is equal.} a6 10. O-O O-O 11. Rad1 Re8 12. Ne5 $146 ({Predecessor:} 12. Ng5 h6 13. Ngf3 b5 14. Ne5 b4 15. Bb1 a5 16. Qd3 a4 17. Ng4 a3 18. cxb4 Nxb4 19. Nxf6+ Bxf6 {1-0 (30) Toivonen,A (2313)-Yachmenev,M (2191) Petrozavodsk 2014}) 12... Qc8 13. Bg5 Qc7 14. f4 {[%cal Bf2f4,Bf4e5][%mdl 32]} Rf8 15. Qf2 Nxe5 (15... h6 $14 16. Bh4 Nd7) 16. fxe5 Ne4 17. Nxe4 dxe4 18. Bxe7 Qxe7 19. Bc2 f5 20. exf6 Rxf6 21. Qg3 $1 Raf8 {[#]} (21... Rxf1+ $16 22. Rxf1 Bd5) 22. Rxf6 $1 $18 Qxf6 23. dxc5 bxc5 {[#]} 24. Bb3 $1 h5 25. Qd6 Bc8 26. Qxc5 Qf2+ 27. Kh1 Qxb2 28. Qe7 ({White should try} 28. Rd6 $18) 28... Qxc3 $16 29. Bxe6+ Bxe6 30. Qxe6+ {[%mdl 4096] Endgame KQR-KQR} Kh8 31. Qxe4 a5 $2 (31... Qc7 $16 {might work better.} 32. Qd5 Qf7 33. Qxf7 Rxf7) 32. Rd5 $18 Qa1+ $2 (32... Qc1+ 33. Kh2 Qc7+ 34. Qe5 Qxe5+ 35. Rxe5 g6 36. Rxa5 Re8) 33. Kh2 Qxa2 34. Rxh5+ Kg8 35. Qh7+ Kf7 36. Rf5+ Ke8 37. Qh5+ (37. Qg6+ $142 Rf7 38. Rc5 Ke7 39. Rc7+ Kf8 40. Rc8+ Ke7 41. Qc6 Qxg2+ 42. Kxg2) 37... Ke7 38. Rxa5 Qb2 39. Qc5+ {White mates.} Kf7 40. Qd5+ Kg6 41. Qh5+ Kf6 42. Qf5+ {Precision: White = 75%, Black = 25%.} (42. Ra6+ $142 Qb6 43. Rxb6+ Ke7 44. Qe5+ Kd7 45. Qe6+ Kd8 46. Rc6 Rh8 47. Rc8#) 1-0

[Event "27th CRO-chT 1B-Men 2018"]
[Site "Biograd"]
[Date "2018.09.21"]
[Round "7.29"]
[White "Vrban, Mladen"]
[Black "Rubil, Marko"]
[Result "1/2-1/2"]
[WhiteElo "2280"]
[BlackElo "2201"]
[Annotator "TA"]
[PlyCount "44"]
[EventDate "2018.09.15"]
[EventType "team-tourn"]
[EventCountry "CRO"]
[SourceTitle "playchess.com"]
[Source "ChessBase"]
[SourceQuality "1"]

{[%evp 13,44,8,0,-135,-111,-116,-114,-108,-51,-84,-91,-125,-99,-163,-121,-145,-106,-125,-120,-123,-74,-86,-75,-70,-79,-80,-60,-57,-41,-41,-18,-57,-29]} 1. e4 e5 2. Nf3 Nc6 3. Nc3 Nf6 4. Bb5 Bd6 5. a3 (5. d3 a6 6. Ba4 b5 7. Bb3 Na5 8. d4 exd4 9. Qxd4 O-O 10. Bg5 Be7 11. e5 Ne8 12. Bxe7 Qxe7 13. Nd5 {½-½ (63) Hou,Y (2658)-Ponomariov,R (2686) Shenzhen 2018}) 5... O-O 6. d3 {C48: Vierspringerspiel (Rubinstein-Variante)} Nd4 7. Bc4 c6 {LiveBook: 7 Partien} 8. g4 $146 (8. O-O $11) ({Vorgänger:} 8. Bg5 Bc7 9. Qd2 Ne6 10. h4 b5 11. Ba2 a5 12. Ne2 h6 13. O-O-O hxg5 14. hxg5 {1-0 (33) Shabalov,A (2544)-Krysa,L (2548) chess.com INT 2018}) 8... Bc5 {zielt auf ...d5 ab.} 9. h3 d5 10. Ba2 {[#]} Re8 (10... Nxg4 $1 $17 {[%mdl 512]} 11. Nxd4 (11. hxg4 Bxg4) 11... exd4 12. hxg4 dxc3 13. bxc3 dxe4) 11. Rg1 dxe4 12. dxe4 Be6 13. g5 (13. Bxe6 $17 {kämpft weiter.} Nxe6 14. Qxd8 Raxd8 15. Kf1) 13... Nd7 14. Rg3 b5 15. Be3 Bxa2 16. Nxa2 Nb6 17. c3 Nxf3+ 18. Qxf3 Bxe3 19. Qxe3 Qd6 20. Rd1 Qe6 21. Nc1 Rad8 22. Qe2 Nc4 {Precision: Weiß = 49%, Schwarz = 43%.} 1/2-1/2